000 01009nam a2200265Ia 4500
003 OSt
005 20221002050417.0
006 a|||||r|||| 00| 0
007 ta
008 220930b |||||||| |||| 00| 0 hin d
020 _a9789388107037 (hbk)
_cINR 15000.00
024 _a41581
037 _b57, 12/01/2019, Mallika Books
_cReference Collections
040 _aCRL
_cCRL
_bhin
041 _2hin
_ahin
082 _aO152,3N37x, Q8.1-.12(RR)
100 _aधींगड़ा, सुरेश, संपा.
245 0 _aगुरचरण सिंह रचनावली
260 _aनई
_bदिल्ली संजय प्रकाशन
_c2018
490 _vखण्ड 1
650 _a हिन्दी साहित्य
650 _aहिन्दी कहानी
942 _hO152,3N37x, Q8.1-.12(RR)
_cref
_2CC
999 _c914556
_d914556